'J' CITIES BY PICTURE - Statistics

General Stats
  • This quiz has been taken 31 times
  • The average score is 4 of 10
Answer Stats
Picture Answer % Correct
Jerusalem
97%
Jaipur
72%
Jakarta
66%
Johannesburg
66%
Jeddah
62%
Juba
41%
Jodhpur
34%
Jalalabad
3%
Jeju
0%
Juarez City
0%
No matching quizzes found
Score Distribution
Percent of People with Each Score
Percentile by Number Answered
Your Score History
You have not taken this quiz